Clycine Crystal / (Record no. 42732)

MARC details
000 -LEADER
fixed length control field 00659nam a22001937a 4500
005 - DATE AND TIME OF LATEST TRANSACTION
control field 20100820145619.0
010 ## - LCCN (DPL NO)
LC control number ENG-101117
020 ## - INTERNATIONAL STANDARD BOOK NUMBER
International Standard Book Number 8177356224
Terms of availability 40.00
035 ## - SYSTEM CONTROL NUMBER
System control number EN-84650
037 ## - SOURCE OF ACQUISITION
Source of stock number/acquisition DBAD/PUB
082 ## - DEWEY DECIMAL CLASSIFICATION NUMBER
Classification number 548.5
100 ## - MAIN ENTRY--PERSONAL NAME
Personal name Chandraleka K
245 ## - TITLE STATEMENT
Title Clycine Crystal /
Statement of responsibility, etc by K Chandraleka
260 ## - PUBLICATION, DISTRIBUTION, ETC. (IMPRINT)
Place of publication, distribution, etc Chennai
Name of publisher, distributor, etc Pavai Publications
Date of publication, distribution, etc 2008
270 ## - ADDRESS
Address 142 Jani Jan Khan Road Royappettah
City Chennai
Postal code 600014
300 ## - PHYSICAL DESCRIPTION
Extent 56p
Dimensions 19cm(pbk)
942 ## - ADDED ENTRY ELEMENTS (KOHA)
Source of classification or shelving scheme Dewey Decimal Classification
Item type English Books
Classification part 548.5
Call number suffix CHA
Holdings
Withdrawn status Lost status Not for loan Collection code Home library Current library Date acquired Source of acquisition Cost, normal purchase price Full call number Barcode Copy number Cost, replacement price Koha item type
    Not For Loan Non-fiction D.B.Act.Division D.B.Act.Division 20/08/2010 DBAD/PUB 40.00 548.5 CHA EN-84650 1 40.00 English Books

© Delhi Public Library
Hit Counter
free hit counter